000 00178 a2200097 4500
020 _a9781338299328
041 _aspa
100 _aGordon korma
245 _aHolgazan
942 _cBK
999 _c28715
_d28715